[Event "Belgrade GMA op"]
[Site "Belgrade"]
[Date "1988.??.??"]
[Round "?"]
[White "Dizdarevic, Emir"]
[Black "Acimovic, Svetozar"]
[Result "1/2-1/2"]
[WhiteElo "2495"]
[BlackElo "2370"]
[PlyCount "122"]
[EventDate "1988.12.??"]
[EventType "swiss"]
[EventRounds "9"]
[EventCountry "YUG"]
[SourceTitle "TD"]
[Source "ChessBase"]
[SourceDate "1994.03.01"]
[SourceVersion "1"]
[SourceVersionDate "1994.03.01"]
[SourceQuality "1"]

1. Nf3 Nf6 2. c4 e6 3. g3 d5 4. d4 dxc4 5. Bg2 c5 6. 0-0 Nc6 7. Na3 cxd4 8. Nxc4 Bc5 9. Qb3 0-0 10. Rd1 Qe7 11. Bf4 Nd5 12. Be5 Nxe5 13. Nfxe5 a6 14. Rac1 Ba7 15. Nf3 Nf6 16. Nb6 Bxb6 17. Qxb6 e5 18. Rc7 Nd7 19. Qb3 Qd6 20. Qc2 Nf6 21. Qc5 Qxc5 22. Rxc5 Nd7 23. Rc7 f6 24. Nd2 Nb6 25. Rdc1 Rb8 26. Nc4 Nxc4 27. Bd5+ Kh8 28. R1xc4 b5 29. R4c5 Bf5 30. Bb7 Be6 31. b3 Rf7 32. Rxf7 Bxf7 33. Bxa6 b4 34. f4 exf4 35. gxf4 h6 36. Bd3 g5 37. Rc7 Kg8 38. Rd7 Ra8 39. Rxd4 Rxa2 40. fxg5 hxg5 41. Rxb4 Rb2 42. Rb8+ Kg7 43. Rb7 Kf8 44. b4 f5 45. Rb5 f4 46. Rxg5 Rxb4 47. Kf2 Rd4 48. Bf5 Ke7 49. Bg4 Rd5 50. Rg7 Kf6 51. Rh7 Rd8 52. Bf3 Be6 53. Rh6+ Ke5 54. Rh5+ Kf6 55. h3 Rg8 56. Rh4 Kg5 57. Rh7 Kf6 58. Be4 Rg3 59. Bg2 Bf7 60. h4 Rg7 61. Rh6+ Rg6 1/2-1/2